Statistics for Infinity War quiz-Multiple choice

Click here to take the quiz!

General Stats

  • This quiz has been taken 85 times
    (82 since last reset)
  • The average score is 23 of 26

Answer Stats

Question Answer % Correct
Who was the main villain in Infinity War?Thanos
99%
Which original Avenger was not present in Infinity War?Hawkeye
96%
What is different about Captain America?He has a beard
96%
Where was Stan Lee's cameoNew York City
96%
Which was the only original member of Guardians of the Galaxy to survive?Rocket Racoon
96%
What is Black Panther's suit made of?Vibranium
93%
Which Infinity Stone was Dr Strange guarding?Time Stone
93%
Who does Vision ask to kill him to prevent Thanos from getting his Infinity Stone?Scarlet Witch
91%
Who controls Hulkbuster in the battle of Wakanda?Bruce Banner
91%
Which Guardians of the Galaxy accompany Thor in Infinity War?Groot and Rocket Racoon
89%
Which of the following helped build the above?Groot
89%
What is the name of Thor's new hammer?Stormbreaker
88%
What Superhero was teased in the Infinity War post credit scene?Captain Marvel
88%
What is Stan Lee's cameo in Infinity War?Bus driver
87%
Which former MCU villain makes a cameo ( He guarded the Soul Stone )Red Skull
87%
What did Gamora make Star Lord promise if she is captured?To kill her
86%
Which soul stone is inside of VisionMind Stone
86%
What is Thanos's home world?Titan
86%
Who fails to kill Thanos at the end of Infinity War?Thor
86%
Which actor plays the above?Josh Brolin
84%
Who does Thanos torture in order to get Gamora to reveal information?Nebula
84%
What does Rocket Racoon give to Thor?An eye
83%
Where were Scarlet Witch and Vision hiding?Scotland
80%
What does Iron Man call Ebony Maw?Squidward
80%
Who played Eitri in Infinity War?Peter Dinklage
75%
Who does Heimdall teleport in order to save that character from Thanos?Hulk
63%

Score Distribution

Percentile by Number Answered

Percent of People with Each Score

Your Score History

You have not taken this quiz since the last reset